|
|
|
|
| LEADER |
00000nab a2200000 a 4500 |
| 001 |
vtls001509301 |
| 003 |
SK-MaSNL |
| 005 |
20260426084401.0 |
| 008 |
250505s2000 xo 000 0 slo |
| 015 |
|
|
|a SNBRB
|
| 035 |
|
|
|a SPKCL11628
|
| 035 |
|
|
|a urn:nbn:sk:snk-abaf2v
|
| 035 |
|
|
|a (urnnbn)urn:nbn:sk:snk:ar-a0asot
|
| 035 |
|
|
|a (uuid)9b6e15cb-082e-4635-abdb-3ebeacbc9c98
|
| 040 |
|
|
|a SNKBUCL
|b slo
|c SNKBUCL
|e AACR2
|
| 041 |
0 |
|
|a slo
|
| 044 |
|
|
|a xo
|c SK
|
| 080 |
|
|
|a 374.7:93(437.6)
|2 1981
|
| 100 |
1 |
|
|a Mičeková, Helena
|4 aut
|9 7338
|
| 245 |
1 |
0 |
|a Projekt Magna Via a vzdelávanie občanov
|c Helena Mičeková
|
| 610 |
2 |
7 |
|a Magna via (projekt)
|2 snkbucl
|9 30285
|
| 650 |
0 |
7 |
|a vzdelávanie dospelých
|2 snkbucl
|9 4999
|
| 651 |
|
7 |
|a Slovensko
|2 snkbucl
|9 14231
|
| 773 |
0 |
|
|t Vzdelávanie dospelých
|g Roč. 5, č. 3 (2000) s. 61-63
|
| 850 |
|
|
|a Slovenská národná knižnica
|
| 852 |
|
|
|a Slovenská národná knižnica
|
| 954 |
|
|
|a odborná, vedecká literatúra pôvodná (slovenská)
|2 lita
|
| 958 |
|
|
|a article14
|
| 958 |
|
|
|a OND
|
| 958 |
|
|
|a EUIPO
|
| 999 |
|
|
|c 2931436
|d 2933366
|